000 00272 a2200097 4500
020 _a9788126477517
100 _aAnand
245 _aIrippu nilppu ezhunnelppu(ഇരിപ്പ് നിൽപ് എഴുന്നേൽപ്)
260 _bD C books
_c2025
942 _cOO
999 _c115327
_d115326